000
00258nmm a2200085Ia 4500
008
220120s9999||||xx |||||||||||||||||und||
100
_a
DIGIT March 2010
245
0
_a
Rockbox, HD videos , MAC OSX, free music albums, Free games
260
_a
Cyber tach publication
999
_c
139465
_d
139465